| 000 | 01121cam a2200325 i 4500 | ||
|---|---|---|---|
| 999 |
_c9827 _d9827 |
||
| 001 | 9827 | ||
| 003 | BD-JhCC | ||
| 005 | 20180402083148.0 | ||
| 008 | 180401s1975 nyuaf b 001 0beng | ||
| 020 | _a067121988X (pt. 11) | ||
| 035 | _a(BD-JhCC)9827 | ||
| 040 |
_aDLC _cDLC _dDLC _dBD-JhCC |
||
| 041 | _aeng | ||
| 050 | 0 | 0 |
_aCB53 _b.D85 pt. 11 _aCB411 |
| 082 | 0 | 0 |
_a940.2/7 _bDUR 1975 |
| 100 | 1 |
_aDurant, Will, _d1885-1981. |
|
| 245 | 1 | 4 |
_aThe age of Napoleon : _ba history of European civilization from 1789 to 1815 / _cby Will and Ariel Durant. |
| 260 |
_aNew York : _bSimon and Schuster, _c1975. |
||
| 300 |
_axxi, 872 p., [32] leaves of plates : _bill. ; _c25 cm. |
||
| 490 | 0 | _aHis The story of civilization ; pt. 11 | |
| 500 | _aIncludes index. | ||
| 504 | _aBibliography: p. 781-789. | ||
| 600 | 0 | 0 |
_aNapoleon _cEmperor of the French, _d1769-1821 _xRelations with Europeans. |
| 651 | 0 |
_aEurope _xCivilization. |
|
| 651 | 0 |
_aEurope _xHistory _y1789-1815. |
|
| 700 | 1 | _aDurant, Ariel, | |
| 710 | 2 |
_aRouben Mamoulian Collection (Library of Congress) _5DLC |
|
| 942 |
_2ddc _cREF |
||